000 01406cam a22003737a 4500
003 CHAP
005 20220329142702.0
008 021018d2002 mx d r 00110 spa d
010 _a86490
011 _a87462
035 _a98006
040 _cCHAP
090 _aTesis
100 0 0 _aHernández Jaen, Luis.
_954184
245 1 0 _aDesarrollo de plantas de nogal de castilla (Juglans regia L.) sometidas a frio con aplicación de nitrogeno y acido giberelico
_c/por Luis Hernández Jaen
260 _aChapingo, Méx. :
_bEl autor,
_c2002
300 _a87 h. :
_bgráfs. ; cuadros
502 _aTesis (M. C. en Horticultura) -- UACH. Departamento de Fitotecnia
590 _aALEPH
_b10
_c20130110
_lUCH01
_h1450
590 _aBATCH-UPD
_b10
_c20130109
_lUCH01
_h2345
590 _aBATCH-UPD
_b10
_c20130110
_lUCH01
_h0432
590 _aBATCH-UPD
_b10
_c20130409
_lUCH01
_h1916
590 _aBATCH-UPD
_b10
_c20130410
_lUCH01
_h0107
590 _aBATCH-UPD
_b10
_c20130914
_lUCH01
_h1444
590 _aCONVERSION
_b10
_c20130109
_lUCH01
_h1348
650 1 4 _aAcido giberelico
_xEfecto en plantas.
_9587
650 1 4 _aFrío
_xEfecto en plantas.
_943542
650 1 4 _aNogal
_xCrecimiento.
_981550
901 _aBK
905 _aMarco A. Mendoza T.
942 _cFOLL
949 _aTesis
_bBC
_cTES
_d33724000880068
_eTS2
_fc.2
_gDonaciØn
_h40177
_i98006
_si
949 _aTesis
_bBC
_cTES
_d980061
_eTS1
_gDonaciØn
_h40176
_i98006
_sb
999 _c86490
_d86490